Biblioteca y Centro de Documentación

Transformaciones del Estado Social y Derecho del Trabajo (Registro nro. 45554)

Detalles MARC
000 -CABECERA
Longitud fija campo de control 01475nam a2200397 c 4500
001 - NÚMERO DE CONTROL
Número de control 45554
003 - IDENTIFICADOR DE NÚMERO DE CONTROL
Identificador del número de control ES-MaCES
005 - FECHA Y HORA DE LA ÚLTIMA TRANSACCIÓN
Fecha y hora de la última transacción 20141202122152.0
008 - CAMPO FIJO DE DESCRIPCIÓN FIJA--INFORMACIÓN GENERAL
Códigos de información de longitud fija   141127s2014 sp | 010 | spa d
017 ## - NÚMERO DE REGISTRO DE DERECHOS DE AUTOR Y DEPÓSITO LEGAL
Número de copyright o de depósito legal GR 1782-2014
Agencia que asigna el número DL
020 ## - ISBN (INTERNATIONAL STANDARD BOOK NUMBER)
Número Internacional Normalizado para Libros (ISBN) 9788490452165
040 ## - FUENTE DE CATALOGACIÓN
Centro catalogador de origen ES-MaCES
Lengua de catalogación spa
Centro transcriptor ES-MaCES
245 00 - MENCIÓN DE TÍTULO
Título Transformaciones del Estado Social y Derecho del Trabajo
Resto del título : libro homenaje al profesor Manuel Álvarez de la Rosa (...) con motivo de su jubilación
Mención de responsabilidad, etc. Margarita Ramos, Gloria Rojas (coords.)
260 ## - PUBLICACIÓN, DISTRIBUCIÓN, ETC (PIE DE IMPRENTA)
Lugar de publicación, distribución, etc. Granada
Nombre del editor, distribuidor, etc. Comares
Fecha de publicación, distribución, etc. 2014
300 ## - DESCRIPCIÓN FÍSICA
Extensión XII, 442 p.
Dimensiones 22 cm
490 1# - MENCIÓN DE SERIE
Mención de serie Colección Trabajo y Seguridad Social
Designación de volumen o secuencia 82
490 1# - MENCIÓN DE SERIE
Mención de serie Biblioteca Comares de ciencia jurídica
504 ## - NOTA DE BIBLIOGRAFÍA, ETC.
Nota de bibliografía, etc. Bibliografía
541 ## - NOTA DE LA FUENTE INMEDIANTE DE ADQUISICIÓN
Forma de adquisición Compra
650 #4 - ASIENTO SECUNDARIO DE MATERIA--TÉRMINO DE MATERIA
Término de materia o nombre geográfico como elemento inicial Estado-Benefactor
9 (RLIN) 29481
650 #4 - ASIENTO SECUNDARIO DE MATERIA--TÉRMINO DE MATERIA
Término de materia o nombre geográfico como elemento inicial legislación de seguridad social
9 (RLIN) 29855
650 #4 - ASIENTO SECUNDARIO DE MATERIA--TÉRMINO DE MATERIA
Término de materia o nombre geográfico como elemento inicial reforma de la seguridad social
9 (RLIN) 30668
650 #4 - ASIENTO SECUNDARIO DE MATERIA--TÉRMINO DE MATERIA
Término de materia o nombre geográfico como elemento inicial legislación del trabajo
9 (RLIN) 27166
650 #4 - ASIENTO SECUNDARIO DE MATERIA--TÉRMINO DE MATERIA
Término de materia o nombre geográfico como elemento inicial flexibilidad del trabajo
9 (RLIN) 30174
650 #4 - ASIENTO SECUNDARIO DE MATERIA--TÉRMINO DE MATERIA
Término de materia o nombre geográfico como elemento inicial reforma legislativa
9 (RLIN) 29892
650 #4 - ASIENTO SECUNDARIO DE MATERIA--TÉRMINO DE MATERIA
Término de materia o nombre geográfico como elemento inicial derecho del trabajo
9 (RLIN) 27165
650 #4 - ASIENTO SECUNDARIO DE MATERIA--TÉRMINO DE MATERIA
Término de materia o nombre geográfico como elemento inicial España
9 (RLIN) 26964
653 10 - TÉRMINO DE INDEXACIÓN--NO CONTROLADO
Término no controlado Derecho del trabajo y Seguridad Social
700 1# - ENCABEZAMIENTO SECUNDARIO--NOMBRE PERSONAL
9 (RLIN) 35493
Nombre de persona Ramos, Margarita
Término indicativo de función col.
700 1# - ENCABEZAMIENTO SECUNDARIO--NOMBRE PERSONAL
9 (RLIN) 35494
Nombre de persona Rojas, Gloria
Término indicativo de función col.
700 1# - ENCABEZAMIENTO SECUNDARIO--NOMBRE PERSONAL
9 (RLIN) 6122
Nombre de persona Álvarez de la Rosa, Manuel
830 #0 - ENCABEZAMIENTO SECUNDARIO DE COLECCIÓN--TÍTULO UNIFORME
Título uniforme Colección Trabajo y Seguridad Social
Designación de volumen o secuencia 82
9 (RLIN) 33762
830 #0 - ENCABEZAMIENTO SECUNDARIO DE COLECCIÓN--TÍTULO UNIFORME
Título uniforme Biblioteca Comares de ciencia jurídica
9 (RLIN) 32174
902 ## - CES. TIPO DE DOCUMENTO
Tipodoc (006$c Sirtex) LIB Libro
942 ## - ELEMENTOS KOHA
Fuente de clasificaión o esquema Clasificación propia del CES
Koha [por defecto] tipo de item Monografías
Parte de clasificación Derecho del Trabajo y Seguridad Social
Existencias
Número de registro Signatura completa Tipo de item de Koha
085232 SR-6.0.1.-737 Monografías
© CES, Consejo Económico y Social de España 2021